Visualizzazione normale
Vista MARC
- De Fiores Stefano-Goffi Tullo
di Personal Name
Records bibliografici associati: 1
001 - CONTROL NUMBER
- control field: 33898
003 - CONTROL NUMBER IDENTIFIER
- control field: IT-RoPau
005 - DATE AND TIME OF LATEST TRANSACTION
- control field: 20140728091410.0
008 - FIXED-LENGTH DATA ELEMENTS
- fixed length control field: 140728|| aca||aabn | a|a d
040 ## - CATALOGING SOURCE
- Original cataloging agency: IT-RoPau
- Transcribing agency: IT-RoPau
100 ## - HEADING--PERSONAL NAME
- Personal name: De Fiores Stefano-Goffi Tullo
670 ## - SOURCE DATA FOUND
- Source citation: Work cat.: (IT-RoPau): De Fiores Stefano-Goffi Tullo, Nuovo dizionario di spiritualità, 1999